Spirit l'étalon des plaines - Je défendrai ma vie - Paroles - Statistiques

Statistiques générales
  • Ce quiz a été pris 171 fois
  • Le résultat moyen est 182 sur 218
Statistiques - réponses
Réponse % Correct
je
100%
Je
100%
de
97%
ma
97%
Ma
97%
la
92%
me
92%
defendrai
90%
jamais
90%
Jamais
90%
vie
90%
et
89%
le
89%
ne
89%
Ne
89%
pas
89%
n'a
88%
ces
87%
arrivé
86%
battre
86%
coeur
86%
guerre
86%
Il
86%
il
86%
jour
86%
libre
86%
Mon
86%
mon
86%
on
86%
On
86%
perd
86%
perdu
86%
sais
86%
suis
86%
Un
86%
un
86%
m'abattre
85%
Mais
85%
pourra
85%
cessé
84%
comme
84%
faut
84%
gagne
84%
loi
84%
n'ai
84%
que
84%
sans
83%
arriverai
82%
j'y
82%
Non
81%
non
81%
qui
80%
rattrape
80%
rivière
80%
m'échappe
79%
vous
79%
connaissez
78%
fier
78%
jugez
77%
l'air
77%
m'emprisonnera
77%
mes
76%
n'abandonnerai
76%
Oh
76%
oh
76%
frontières
75%
maître
74%
Seul
74%
c'est
72%
C'est
72%
Comment
69%
va
69%
falloir
68%
l'expliquer
66%
quoi
65%
les
64%
miens
63%
Pourquoi
63%
tous
63%
liens
62%
parmi
61%
j'suis
59%
chemin
38%
Ecoutez
32%
En
28%
tout
28%
Courage
27%
bout
7%
Aucun quiz correspondant
Distribution des résultats
% des personnes avec chaque résultat
Percentile par nombre de réponses
Votre historique - résultats
Vous n’avez pas pris ce quiz